David Copperfield / (Record no. 5999)

MARC details
000 -LEADER
fixed length control field 00565nam a22001937a 4500
003 - CONTROL NUMBER IDENTIFIER
control field GBCCL
005 - DATE AND TIME OF LATEST TRANSACTION
control field 20241126110554.0
008 - FIXED-LENGTH DATA ELEMENTS--GENERAL INFORMATION
fixed length control field 180420b ||||| |||| 00| 0 eng d
040 ## - CATALOGING SOURCE
Transcribing agency gbc
082 ## - DEWEY DECIMAL CLASSIFICATION NUMBER
Classification number 813.54
Item number DIC
100 ## - MAIN ENTRY--PERSONAL NAME
Personal name Dickens, Charles
Dates associated with a name 1812 - 1970
9 (RLIN) 10832
245 ## - TITLE STATEMENT
Title David Copperfield /
Statement of responsibility, etc. Charles Dickens
250 ## - EDITION STATEMENT
Edition statement 5th impression
260 ## - PUBLICATION, DISTRIBUTION, ETC.
Place of publication, distribution, etc. Oxford:
Name of publisher, distributor, etc. Oxford University Press,
Date of publication, distribution, etc. 1966
300 ## - PHYSICAL DESCRIPTION
Extent 142 p.;
Other physical details ill.,
Dimensions 17 cm.
650 ## - SUBJECT ADDED ENTRY--TOPICAL TERM
Topical term or geographic name entry element England
Form subdivision Social life and customs
General subdivision Fiction
9 (RLIN) 10833
650 ## - SUBJECT ADDED ENTRY--TOPICAL TERM
Topical term or geographic name entry element Manners and customs
9 (RLIN) 10834
942 ## - ADDED ENTRY ELEMENTS (KOHA)
Source of classification or shelving scheme Dewey Decimal Classification
Koha item type Books
Holdings
Withdrawn status Lost status Source of classification or shelving scheme Damaged status Not for loan Home library Current Library Shelving location Date acquired Total checkouts Full call number Barcode Date last seen Copy number Price effective from Koha item type
    Dewey Decimal Classification     GRACE BIBLE COLLEGE GRACE BIBLE COLLEGE General Studies 2018-04-20   813.54 DIC 002446 2025-05-01 c.1 2018-04-20 Books
© Grace Bible College Library 2025